|
|
|
|
| LEADER |
00000nam0a2200000 4500 |
| 001 |
273570 |
| 005 |
20231101234637.0 |
| 020 |
|
|
|a RU
|b 87-72728
|
| 035 |
|
|
|a (RuTPU)RU\TPU\book\296779
|
| 035 |
|
|
|a RU\TPU\book\296778
|
| 090 |
|
|
|a 273570
|
| 100 |
|
|
|a 20141028d1986 k y0rusy5003 ca
|
| 101 |
0 |
|
|a rus
|
| 102 |
|
|
|a RU
|
| 105 |
|
|
|a a z 001zy
|
| 200 |
1 |
|
|a Устройства ввода-вывода информации
|e межвузовский сборник научных трудов
|f Всесоюзный заочный машиностроительный институт (ВЗМИ) ; под ред. А. В. Алферова
|
| 210 |
|
|
|a Москва
|c Изд-во ВЗМИ
|d 1986
|
| 215 |
|
|
|a 137 с.
|c ил.
|
| 320 |
|
|
|a Библиография в конце статей
|
| 606 |
1 |
|
|a Вычислительные машины электронные персональные
|x Программы ввода и вывода графической информации
|2 stltpush
|3 (RuTPU)RU\TPU\subj\4199
|9 32493
|
| 610 |
1 |
|
|a структура
|
| 610 |
1 |
|
|a промышленные роботы
|
| 610 |
1 |
|
|a функционирование
|
| 610 |
1 |
|
|a алгоритмы
|
| 610 |
1 |
|
|a информация
|
| 610 |
1 |
|
|a обработка
|
| 675 |
|
|
|a 681.327.1
|v 3
|
| 702 |
|
1 |
|a Алферов
|b А. В.
|4 340
|
| 712 |
0 |
2 |
|a Всесоюзный заочный машиностроительный институт (ВЗМИ)
|c (1950-1988)
|2 stltpush
|3 (RuTPU)RU\TPU\col\2141
|
| 801 |
|
0 |
|a RU
|b RuMRKP
|c 19960705
|g psbo
|
| 801 |
|
1 |
|a RU
|b 63413507
|c 20141028
|
| 801 |
|
2 |
|a RU
|b 63413507
|c 20170113
|g RCR
|
| 942 |
|
|
|c BK
|